[Event "44th Ghent Open 2023"]
[Site "Ghent BEL"]
[Date "2023.07.14"]
[Round "4.2"]
[White "Maerevoet, Sim"]
[Black "Csonka, Balazs"]
[Result "1-0"]
[WhiteTitle "FM"]
[BlackTitle "IM"]
[WhiteElo "2414"]
[BlackElo "2497"]
[WhiteFideId "241725"]
[BlackFideId "742910"]
[EventDate "2023.07.11"]

1. e4 c6 2. d4 d5 3. exd5 cxd5 4. Bd3 Nf6 5. h3 Nc6 6. Nf3 Nb4 7. Ne5 Nxd3+ 8.
Qxd3 e6 9. Bf4 Be7 10. Nd2 O-O 11. h4 Nd7 12. Ndf3 Nxe5 13. Bxe5 f6 14. Ng5 fxg5
15. hxg5 g6 16. Ke2 Rf5 17. f4 Qb6 18. Rxh7 Rxe5+ 19. fxe5 Kxh7 20. Rh1+ Kg7 21.
Qh3 Qb5+ 22. Kd1 Kf7 23. Qh8 Bf8 24. Qf6+ Ke8 25. Rh7 Bd7 26. Qf7+ Kd8 27. Qxf8+
Be8 28. Qe7+ 1-0

[Event "44th Ghent Open 2023"]
[Site "Ghent BEL"]
[Date "2023.07.14"]
[Round "4.3"]
[White "De Waele, Warre"]
[Black "Pijpers, Arthur"]
[Result "0-1"]
[WhiteTitle "FM"]
[BlackTitle "IM"]
[WhiteElo "2350"]
[BlackElo "2465"]
[WhiteFideId "241156"]
[BlackFideId "1019554"]
[EventDate "2023.07.11"]

1. Nf3 Nf6 2. g3 g6 3. Bg2 Bg7 4. O-O d5 5. d4 O-O 6. c3 Bf5 7. Qb3 Qc8 8. Bf4
c5 9. dxc5 Na6 10. Be3 Nxc5 11. Qa3 b6 12. Bd4 Re8 13. b4 Nce4 14. Qb2 Bh3 15.
Ne5 h5 16. Rc1 Bxg2 17. Kxg2 Ng5 18. Nd2 Qh3+ 19. Kg1 Ne6 20. Nef3 Bh6 21. Bxf6
exf6 22. Rd1 Nf4 23. gxf4 Rxe2 24. Qb1 Bxf4 0-1

[Event "44th Ghent Open 2023"]
[Site "Ghent BEL"]
[Date "2023.07.14"]
[Round "4.4"]
[White "Gormally, Daniel W"]
[Black "Laurent-Paoli, Pierre"]
[Result "1/2-1/2"]
[WhiteTitle "GM"]
[BlackTitle "IM"]
[WhiteElo "2432"]
[BlackElo "2531"]
[WhiteFideId "406465"]
[BlackFideId "26017962"]
[EventDate "2023.07.11"]

1. d4 Nf6 2. Bg5 c5 3. dxc5 e6 4. Nc3 Bxc5 5. e4 Nc6 6. Qd2 h6 7. Bh4 Bb4 8. Bd3
Nxe4 9. Bxd8 Nxd2 10. Bh4 d5 11. Kxd2 d4 12. Ne2 dxc3+ 13. Nxc3 Ne5 14. a3 Bxc3+
15. Kxc3 Nxd3 16. Kxd3 e5 17. c4 f6 18. a4 Be6 19. Kc3 h5 20. f3 g5 21. Bf2 h4
22. Be3 Kf7 23. Rhd1 h3 24. g3 Rhd8 25. b3 a6 26. Bb6 Rd7 27. Rd3 Rxd3+ 28. Kxd3
Bd7 29. Ke3 f5 30. Rd1 f4+ 31. Kf2 Bf5 32. Rd8 Rxd8 33. Bxd8 Kg6 34. b4 Bc2 35.
a5 Bd3 36. c5 Kf5 37. Bc7 Bb5 38. g4+ Kf6 39. Bd8+ Kg6 40. Bc7 Kf6 41. Bd8+ Kg6
42. Bc7 Kf6 43. Bd8+ 1/2-1/2

[Event "44th Ghent Open 2023"]
[Site "Ghent BEL"]
[Date "2023.07.14"]
[Round "4.5"]
[White "Dgebuadze, Alexandre"]
[Black "Van der Stricht, Geert"]
[Result "1-0"]
[WhiteTitle "GM"]
[BlackTitle "IM"]
[WhiteElo "2433"]
[BlackElo "2329"]
[WhiteFideId "203882"]
[BlackFideId "201324"]
[EventDate "2023.07.11"]

1. e4 c5 2. Nf3 d6 3. d4 cxd4 4. Nxd4 Nf6 5. Nc3 a6 6. Bc4 e6 7. O-O Be7 8. Bb3
O-O 9. f4 Nbd7 10. Kh1 Nc5 11. e5 dxe5 12. fxe5 Nfd7 13. Qh5 g6 14. Qe2 Bg5 15.
Bxg5 Qxg5 16. Rae1 b5 17. Ne4 Nxe4 18. Qxe4 Nc5 19. Qxa8 Bb7 20. Nf3 Qe7 21. Qa7
Qc7 22. Bd5 exd5 23. b4 Ne4 24. Qe3 Qe7 25. Qh6 f5 26. exf6 Rxf6 27. a3 d4 28.
Kg1 Qd7 29. Ng5 Rxf1+ 30. Rxf1 1-0

[Event "44th Ghent Open 2023"]
[Site "Ghent BEL"]
[Date "2023.07.14"]
[Round "4.6"]
[White "Ruzhansky, Elias"]
[Black "Dauw, Sterre"]
[Result "1/2-1/2"]
[BlackTitle "FM"]
[WhiteElo "2209"]
[BlackElo "2244"]
[WhiteFideId "472824"]
[BlackFideId "248886"]
[EventDate "2023.07.11"]

1. e4 c5 2. Nf3 Nc6 3. d4 cxd4 4. Nxd4 Nf6 5. Nc3 h5 6. h3 e6 7. Ndb5 d6 8. Bf4
e5 9. Bg5 a6 10. Na3 b5 11. Nd5 Be7 12. Bxf6 Bxf6 13. c4 b4 14. Nc2 a5 15. Qf3
Rb8 16. Rd1 Rh6 17. Be2 h4 18. O-O Bg5 19. b3 Kf8 20. Ra1 Ne7 21. Nxe7 Qxe7 22.
a3 Bd2 23. axb4 axb4 24. Qd3 Bc3 25. Ra4 Qb7 26. Qe3 Ra8 27. Rxa8 Qxa8 28. Qb6
Bb7 29. Bf3 Kg8 30. Nxb4 d5 31. Qb5 dxe4 32. Be2 Bd4 33. c5 Rf6 34. Qc4 Kh8 35.
Qb5 Kh7 36. Qc4 g6 37. Nc2 Ba6 38. Qa4 Bxc5 39. Bxa6 Rxa6 40. Qc4 Qa7 41. Qxe4
Qe7 42. b4 Bb6 43. Qc4 Ra7 44. b5 Rc7 45. Qb3 Kg7 46. Nb4 Rc5 47. Nd3 Rc8 48.
Re1 Qf6 49. Qb2 Bd4 50. Qe2 Qf5 51. b6 Bxb6 52. Qxe5+ Qxe5 53. Nxe5 Rc2 54. Ng4
Rc7 1/2-1/2

[Event "44th Ghent Open 2023"]
[Site "Ghent BEL"]
[Date "2023.07.14"]
[Round "4.7"]
[White "Grooten, Herman"]
[Black "Miedema, David"]
[Result "0-1"]
[WhiteTitle "IM"]
[BlackTitle "IM"]
[WhiteElo "2241"]
[BlackElo "2375"]
[WhiteFideId "1000330"]
[BlackFideId "1018477"]
[EventDate "2023.07.11"]

1. d4 Nf6 2. c4 e6 3. Nf3 d5 4. Nc3 Bb4 5. Qa4+ Nc6 6. e3 O-O 7. Bd2 Re8 8.
O-O-O Ng4 9. Be1 Bxc3 10. bxc3 Nf6 11. Qc2 Qe7 12. Bd3 dxc4 13. Bxc4 e5 14. Ng5
Nd8 15. f3 exd4 16. exd4 h6 17. h4 b5 18. Bb3 a5 19. Ne4 a4 20. Nxf6+ Qxf6 21.
Bd5 Bb7 22. Bxb7 Nxb7 23. Bg3 c5 24. Be5 Qe6 25. Rhe1 cxd4 26. Bg3 Qc6 27. cxd4
Qd5 28. Kb1 Rec8 29. Qe4 Qc4 30. d5 Qc3 31. Be5 Qa3 32. Qg4 Qf8 33. d6 f6 34.
Bf4 Rc4 35. Qe6+ Kh8 36. Bg3 Rac8 37. Rc1 Nc5 38. Qd5 a3 39. Rxc4 bxc4 40. d7
Nxd7 41. Qxd7 Qb4+ 42. Kc2 Qb2+ 43. Kd1 Qb1+ 44. Ke2 Qxa2+ 45. Kf1 Rg8 46. Bf2
c3 47. Qc6 Qd2 48. Qa4 a2 49. Be3 Qd3+ 50. Kf2 Rb8 51. Bd4 c2 52. Kg3 Qd2 53.
Re8+ Kh7 54. Bb2 Qd6+ 55. Kh3 Rxe8 56. Qxe8 c1=Q 57. Qe4+ f5 0-1

[Event "44th Ghent Open 2023"]
[Site "Ghent BEL"]
[Date "2023.07.15"]
[Round "5.1"]
[White "Pijpers, Arthur"]
[Black "Maerevoet, Sim"]
[Result "1/2-1/2"]
[WhiteTitle "IM"]
[BlackTitle "FM"]
[WhiteElo "2465"]
[BlackElo "2414"]
[WhiteFideId "1019554"]
[BlackFideId "241725"]
[EventDate "2023.07.11"]

1. e4 c5 2. Nf3 e6 3. d4 cxd4 4. Nxd4 Nf6 5. Nc3 Nc6 6. Bf4 Bb4 7. Nb5 Nxe4 8.
Qf3 f5 9. Nc7+ Kf7 10. g4 g5 11. gxf5 gxf4 12. O-O-O Qxc7 13. Qh5+ Ke7 14. Nxe4
Qe5 15. Qh4+ Kf8 16. Rg1 d5 17. Qh6+ Ke8 18. Nf6+ Kd8 19. fxe6 Bf8 20. Rg7 Ne7
21. Nxd5 Qxg7 22. Nb6+ Ke8 23. Qh5+ Qg6 24. Nxa8 Bxe6 25. Qe5 Bg7 26. Nc7+ Kf7
27. Qxf4+ Qf6 28. Qxf6+ Bxf6 29. Nxe6 Kxe6 30. Bc4+ Ke5 31. Rd7 Bg5+ 32. Kd1 Rb8
33. Ke2 h6 34. c3 b5 35. Bd3 Nd5 36. Rxa7 Nf4+ 37. Ke3 Nxd3+ 38. Kxd3 Rd8+ 39.
Ke2 Rd2+ 40. Kf3 Rxb2 41. a4 bxa4 42. Rxa4 Rc2 43. Rc4 Kd5 44. Rd4+ Kc5 45. Ra4
Rxc3+ 46. Kg4 Bc1 47. f4 Rc2 48. Ra6 Rg2+ 49. Kf3 Rxh2 50. Kg3 Rh1 51. Kg2 Rd1
52. Rxh6 Bxf4 53. Rh5+ Kd4 54. Kf3 Be5 55. Rg5 Rf1+ 56. Kg4 Ke4 57. Rg6 Bf6 58.
Kh5 Ke5 59. Rg2 Kf5 60. Rg5+ Ke6 61. Rg2 Rf4 62. Rg4 Rf5+ 63. Kg6 Ra5 64. Rg2
Rb5 65. Rg3 Be5 66. Rg2 Rb8 67. Rg4 Rf8 68. Kg5 Rf1 69. Kg6 Bf4 70. Rg2 Rh1 71.
Re2+ Be5 72. Rg2 Rh8 73. Rg4 Rh3 74. Kg5 Bf6+ 75. Kf4 Ra3 76. Ke4 Ra5 77. Kf4
Rf5+ 78. Ke4 Bg5 79. Kd3 Ra5 80. Re4+ Kf5 81. Re2 Ra3+ 82. Kd4 Bf6+ 83. Kd5 Rd3+
84. Kc4 Rd8 85. Kc5 Be5 86. Kc4 Rd4+ 87. Kc5 Ke6 88. Re3 Rd8 89. Rb3 Rc8+ 90.
Kb5 Kd5 91. Rd3+ Bd4 92. Rb3 Bc3 93. Ka4 Kc4 94. Rb4+ Bxb4 1/2-1/2

[Event "44th Ghent Open 2023"]
[Site "Ghent BEL"]
[Date "2023.07.15"]
[Round "5.2"]
[White "Hausrath, Daniel"]
[Black "Dgebuadze, Alexandre"]
[Result "1-0"]
[WhiteTitle "GM"]
[BlackTitle "GM"]
[WhiteElo "2442"]
[BlackElo "2433"]
[WhiteFideId "4617495"]
[BlackFideId "203882"]
[EventDate "2023.07.11"]

1. Nf3 c5 2. c4 Nc6 3. Nc3 g6 4. e3 Bg7 5. d4 d6 6. d5 Na5 7. e4 Nf6 8. Be2 O-O
9. O-O a6 10. Re1 Rb8 11. e5 Ne8 12. Bf4 Bg4 13. exd6 Nxd6 14. Ne5 Bxe2 15. Qxe2
Rc8 16. b3 Nf5 17. Rad1 Nd4 18. Qd3 e6 19. Qh3 f6 20. Ng4 e5 21. Bh6 Bxh6 22.
Qxh6 Qd7 23. h3 Qg7 24. Qd2 h5 25. Nh2 b5 26. f4 Nb7 27. fxe5 fxe5 28. Ne4 Rf5
29. Rf1 Rcf8 30. Qd3 Qh6 31. Rde1 Kg7 32. Rxf5 gxf5 33. Qg3+ Kh8 34. Qxe5+ Qg7
35. Qxg7+ Kxg7 36. Ng5 bxc4 37. bxc4 Nd6 38. Nhf3 Nxf3+ 39. gxf3 Rg8 40. h4 Nxc4
41. Re7+ Kh6 42. Rc7 Ne5 43. f4 Nf3+ 44. Kf2 Nxg5 45. fxg5+ Kg6 46. Rxc5 Rd8 47.
Kf3 Rd7 48. Kf4 Rd8 49. Rc6+ Kg7 50. d6 Kg6 51. Rxa6 Rd7 52. Rc6 Kg7 53. Kxf5
Rf7+ 54. Ke5 Rd7 55. Ke6 Ra7 56. d7 Rxa2 57. d8=Q Re2+ 58. Kf5 1-0

[Event "44th Ghent Open 2023"]
[Site "Ghent BEL"]
[Date "2023.07.15"]
[Round "5.3"]
[White "Laurent-Paoli, Pierre"]
[Black "Fernandez, Daniel Howard"]
[Result "1-0"]
[WhiteTitle "IM"]
[BlackTitle "GM"]
[WhiteElo "2531"]
[BlackElo "2518"]
[WhiteFideId "26017962"]
[BlackFideId "5801605"]
[EventDate "2023.07.11"]

1. e4 c5 2. Nf3 d6 3. d4 cxd4 4. Nxd4 Nf6 5. Nc3 a6 6. Be2 e5 7. Nb3 Be7 8. Be3
Be6 9. Bf3 O-O 10. O-O Ne8 11. Nd5 Bg5 12. Bxg5 Qxg5 13. Nb6 Ra7 14. Qd2 Qxd2
15. Nxd2 Nd7 16. Nxd7 Bxd7 17. Rfd1 b5 18. c4 Nf6 19. Be2 Rc8 20. f3 Kf8 21. b3
g5 22. Nf1 Ke7 23. Ne3 Rb7 24. Rd2 Be6 25. Rad1 Rb6 26. cxb5 axb5 27. a4 Rc3 28.
Kf2 bxa4 29. bxa4 Rbb3 30. Rd3 Rxd3 31. Rxd3 Rxd3 32. Bxd3 Kd7 33. Bb5+ Kc7 34.
a5 d5 35. exd5 Nxd5 36. Bc4 Kc6 37. Bxd5+ Bxd5 38. Nxd5 Kxd5 39. g4 Kc5 40. Ke3
Kb5 41. Ke4 Kxa5 42. Kxe5 Kb4 43. Kf6 Kc4 44. Kxf7 Kd4 45. Kg7 Ke3 46. Kxh7 Kxf3
47. h3 1-0

[Event "44th Ghent Open 2023"]
[Site "Ghent BEL"]
[Date "2023.07.15"]
[Round "5.4"]
[White "Csonka, Balazs"]
[Black "Gormally, Daniel W"]
[Result "0-1"]
[WhiteTitle "IM"]
[BlackTitle "GM"]
[WhiteElo "2497"]
[BlackElo "2432"]
[WhiteFideId "742910"]
[BlackFideId "406465"]
[EventDate "2023.07.11"]

1. e4 c5 2. Nf3 d6 3. d4 cxd4 4. Nxd4 Nf6 5. Nc3 a6 6. Be3 e5 7. Nb3 Be6 8. f3
Nbd7 9. g4 h6 10. Qd2 b5 11. O-O-O Qc7 12. h4 Nb6 13. Kb1 Nfd7 14. Rh2 Nc4 15.
Bxc4 bxc4 16. Nc1 Rb8 17. Nd5 Bxd5 18. Qxd5 Nf6 19. Qd2 c3 20. Qd3 Rxb2+ 21. Ka1
Qc6 22. Rg2 Be7 23. g5 O-O 24. gxf6 Rfb8 25. Rxg7+ Kh8 0-1

[Event "44th Ghent Open 2023"]
[Site "Ghent BEL"]
[Date "2023.07.15"]
[Round "5.5"]
[White "Miedema, David"]
[Black "De Waele, Warre"]
[Result "0-1"]
[WhiteTitle "IM"]
[BlackTitle "FM"]
[WhiteElo "2375"]
[BlackElo "2350"]
[WhiteFideId "1018477"]
[BlackFideId "241156"]
[EventDate "2023.07.11"]

1. d4 Nf6 2. c4 e6 3. Nc3 Bb4 4. Qc2 O-O 5. a3 Bxc3+ 6. Qxc3 d5 7. Bf4 b6 8. Nf3
dxc4 9. Qxc4 Ba6 10. Qxc7 Qd5 11. Qc2 Rc8 12. Qd1 Nbd7 13. g3 Bb7 14. Bg2 Qb5
15. b3 Bd5 16. a4 Qb4+ 17. Bd2 Qxb3 18. Qxb3 Bxb3 19. Ne5 Bd5 20. Bxd5 exd5 21.
Nd3 a5 22. f3 Rc4 23. Be3 Re8 24. Kf2 Rc6 25. Ra3 Rec8 26. g4 Rc3 27. Rxc3 Rxc3
28. Rc1 Rxc1 29. Bxc1 h6 30. h4 Ne8 31. Ba3 g5 32. Be7 f6 33. h5 Kf7 34. Bd8 Ng7
35. Bc7 Ne6 36. Bd6 Nxd4 37. Nb2 Ke6 38. Bc7 Nc6 39. Nd1 d4 40. e3 Kd5 41. exd4
Nxd4 42. Nc3+ Kc6 43. Bd8 f5 44. f4 gxf4 45. gxf5 Nxf5 46. Ne2 Nc5 47. Bf6 Ne4+ 0-1

[Event "44th Ghent Open 2023"]
[Site "Ghent BEL"]
[Date "2023.07.15"]
[Round "5.6"]
[White "Van der Stricht, Geert"]
[Black "Ruzhansky, Elias"]
[Result "1-0"]
[WhiteTitle "IM"]
[WhiteElo "2329"]
[BlackElo "2209"]
[WhiteFideId "201324"]
[BlackFideId "472824"]
[EventDate "2023.07.11"]

1. d4 d5 2. c4 e6 3. Nf3 Nf6 4. g3 dxc4 5. Bg2 Bb4+ 6. Bd2 a5 7. Qc2 b6 8. a3
Be7 9. Ne5 Ra7 10. Qxc4 O-O 11. Nc3 Ba6 12. Qa4 c5 13. dxc5 Bxc5 14. Rd1 Qc7 15.
Bf4 g5 16. Nd7 gxf4 17. Nxf6+ Kh8 18. Qe4 Kg7 19. Nh5+ Kh6 20. O-O Bb7 21. Qxf4+
Qxf4 22. Nxf4 Bxg2 23. Kxg2 Rd7 24. Rxd7 Nxd7 25. Rd1 Rd8 26. e3 Be7 27. Ne4 Kg7
28. Kf1 Ne5 29. Rxd8 Bxd8 30. b3 Be7 31. a4 Nd7 32. Nd3 f5 33. Nd2 Kf6 34. Ke2
e5 35. e4 Ke6 36. f3 Nf6 37. Nc4 Nd7 38. Ne3 fxe4 39. fxe4 Bc5 40. Nf5 Bg1 41.
h3 Nf6 42. Kf3 h5 43. b4 axb4 44. Nxb4 Bc5 45. Nd3 Bf8 46. Ne3 Bd6 47. Nc4 Bc7
48. Ke3 Nh7 49. Nb4 Kd7 50. Nd5 Ng5 51. Ncxb6+ Kc6 52. Nc4 Bb8 53. h4 Ne6 54.
Nf6 Ng7 55. Kf3 Bc7 56. Ne3 Bd8 57. Ned5 Kd6 58. g4 hxg4+ 59. Kxg4 Ke6 60. Nh7
Kf7 61. Ng5+ Kg6 62. Nf3 1-0

[Event "44th Ghent Open 2023"]
[Site "Ghent BEL"]
[Date "2023.07.15"]
[Round "5.7"]
[White "Dauw, Sterre"]
[Black "Grooten, Herman"]
[Result "0-1"]
[WhiteTitle "FM"]
[BlackTitle "IM"]
[WhiteElo "2244"]
[BlackElo "2241"]
[WhiteFideId "248886"]
[BlackFideId "1000330"]
[EventDate "2023.07.11"]

1. e4 c6 2. d4 d5 3. Nc3 dxe4 4. Nxe4 Bf5 5. Qf3 e6 6. Ne2 Nf6 7. Nxf6+ gxf6 8.
Qb3 Qb6 9. Qxb6 axb6 10. c3 b5 11. h4 Nd7 12. Ng3 Bc2 13. Bd2 Bb3 14. Bd3 Rxa2
15. O-O Ra4 16. c4 Bd6 17. Ne4 Ke7 18. Nxd6 Kxd6 19. Bf4+ Ke7 20. Rxa4 bxa4 21.
c5 b5 22. Bd6+ Kd8 23. Be4 Bd5 24. Bxd5 exd5 25. Re1 Rg8 26. f4 f5 27. Re7 Rg7
28. Kh2 h5 29. Re1 Rg6 30. Re7 Rf6 31. Kg3 b4 32. Re1 Re6 33. Ra1 a3 34. Kf2 Nf6
35. bxa3 Ne4+ 36. Kg1 b3 37. Rb1 Nd2 38. Rb2 Re2 39. Kh1 Kc8 40. a4 Kb7 41. Be5
Ka6 42. Bc7 Re1+ 43. Kh2 Nf1+ 44. Kg1 Ne3+ 45. Kf2 Nd1+ 46. Kxe1 Nxb2 47. a5 Nc4
48. Kd1 Nxa5 49. Kd2 Nc4+ 50. Kc3 b2 51. Kc2 Kb5 0-1

[Event "44th Ghent Open 2023"]
[Site "Ghent BEL"]
[Date "2023.07.16"]
[Round "6.1"]
[White "Hausrath, Daniel"]
[Black "Pijpers, Arthur"]
[Result "1/2-1/2"]
[WhiteTitle "GM"]
[BlackTitle "IM"]
[WhiteElo "2442"]
[BlackElo "2465"]
[WhiteFideId "4617495"]
[BlackFideId "1019554"]
[EventDate "2023.07.11"]

1. Nf3 Nf6 2. g3 g6 3. Bg2 c5 4. O-O Bg7 5. c3 O-O 6. d4 cxd4 7. cxd4 d5 8. Nc3
Nc6 9. Ne5 Bf5 10. Bf4 Qb6 11. Na4 Qa5 12. Nxc6 bxc6 13. Be5 h5 14. h4 Bh6 15.
Bxf6 exf6 16. e3 Rfe8 17. Re1 Bg4 18. Qc2 Bf5 19. Qd1 Re7 20. Rc1 Rae8 21. Kh2
Bg4 22. Qc2 Kg7 23. b3 Bf5 24. Qc3 Qd8 25. Qxc6 Qb8 26. Rc5 Bd7 27. Qc7 Qb4 28.
Qa5 Qb8 29. Qc7 Qb4 30. Qa5 Qb8 31. Qc7 1/2-1/2

[Event "44th Ghent Open 2023"]
[Site "Ghent BEL"]
[Date "2023.07.16"]
[Round "6.2"]
[White "Maerevoet, Sim"]
[Black "Gormally, Daniel W"]
[Result "1/2-1/2"]
[WhiteTitle "FM"]
[BlackTitle "GM"]
[WhiteElo "2414"]
[BlackElo "2432"]
[WhiteFideId "241725"]
[BlackFideId "406465"]
[EventDate "2023.07.11"]

1. c4 Nf6 2. Nc3 g6 3. e4 d6 4. d4 Bg7 5. Be2 c5 6. d5 e6 7. Nf3 O-O 8. Be3 exd5
9. cxd5 b5 10. Nxb5 Nxe4 11. Nd2 a6 12. Na3 Nxd2 13. Qxd2 Nd7 14. Nc4 Ne5 15.
O-O Nxc4 16. Bxc4 Rb8 17. Rab1 Bf5 18. Bd3 Bxd3 19. Qxd3 Qa5 20. Bf4 Rfd8 21.
Qa3 Qxa3 22. bxa3 Bb2 23. Bc1 Bxc1 24. Rfxc1 Re8 25. Kf1 Rxb1 26. Rxb1 Re5 27.
Rb6 Rxd5 28. Rxa6 Kf8 29. Ra7 Kg7 30. Ke2 Kf6 31. Ra4 Ke6 32. f4 g5 33. g4 gxf4
34. Rxf4 Re5+ 35. Kd2 d5 36. a4 d4 37. a5 Re3 38. Rf5 Kd6 39. a6 Ra3 40. Kc2 Kc6
41. Rxf7 Kb5 42. a7 Rxa2+ 43. Kb3 Ra1 44. Rb7+ Kc6 45. Rxh7 d3 46. Rh3 Rxa7 47.
Rxd3 c4+ 48. Kxc4 Ra4+ 49. Kc3 Rxg4 50. h3 Re4 51. Kd2 Kc5 52. Re3 1/2-1/2

[Event "44th Ghent Open 2023"]
[Site "Ghent BEL"]
[Date "2023.07.16"]
[Round "6.3"]
[White "Van der Stricht, Geert"]
[Black "Laurent-Paoli, Pierre"]
[Result "0-1"]
[WhiteTitle "IM"]
[BlackTitle "IM"]
[WhiteElo "2329"]
[BlackElo "2531"]
[WhiteFideId "201324"]
[BlackFideId "26017962"]
[EventDate "2023.07.11"]

1. d4 Nf6 2. c4 e6 3. Nc3 Bb4 4. e3 O-O 5. Bd3 Re8 6. Nf3 d6 7. O-O Bxc3 8. bxc3
e5 9. Nd2 e4 10. Bc2 Bg4 11. f3 exf3 12. gxf3 Bh3 13. Re1 Nh5 14. Kh1 f5 15. Rg1
Qh4 16. Nf1 Qf2 17. Bd2 Nf4 0-1

[Event "44th Ghent Open 2023"]
[Site "Ghent BEL"]
[Date "2023.07.16"]
[Round "6.5"]
[White "Dgebuadze, Alexandre"]
[Black "Dauw, Sterre"]
[Result "1-0"]
[WhiteTitle "GM"]
[BlackTitle "FM"]
[WhiteElo "2433"]
[BlackElo "2244"]
[WhiteFideId "203882"]
[BlackFideId "248886"]
[EventDate "2023.07.11"]

1. e4 e5 2. Bc4 Nf6 3. d3 c6 4. Nf3 d5 5. Bb3 Bb4+ 6. Bd2 Bxd2+ 7. Nbxd2 O-O 8.
O-O Re8 9. Re1 d4 10. Ng5 Rf8 11. Ndf3 Ne8 12. Nxf7 Rxf7 13. Nxe5 Nd6 14. c3
dxc3 15. bxc3 Qe7 16. Nxf7 Nxf7 17. d4 Nd7 18. f4 Nf8 19. f5 Bd7 20. Qd3 Rd8 21.
e5 Be8 22. Qg3 Kh8 23. Rf1 Nh6 24. f6 gxf6 25. exf6 Qd7 26. Qg5 1-0

[Event "44th Ghent Open 2023"]
[Site "Ghent BEL"]
[Date "2023.07.16"]
[Round "6.6"]
[White "Miedema, David"]
[Black "Csonka, Balazs"]
[Result "1/2-1/2"]
[WhiteTitle "IM"]
[BlackTitle "IM"]
[WhiteElo "2375"]
[BlackElo "2497"]
[WhiteFideId "1018477"]
[BlackFideId "742910"]
[EventDate "2023.07.11"]

1. d4 Nf6 2. c4 e6 3. Nf3 d5 4. Nc3 c5 5. cxd5 Nxd5 6. e4 Nxc3 7. bxc3 cxd4 8.
cxd4 Bb4+ 9. Bd2 Bxd2+ 10. Qxd2 O-O 11. Bc4 Nd7 12. O-O b6 13. d5 Nf6 14. dxe6
Bxe6 15. Bxe6 Qxd2 16. Bxf7+ Rxf7 17. Nxd2 Rd8 18. e5 Rxd2 19. exf6 Rxf6 20. a4
Rc6 21. g3 Rc4 22. Rfe1 Rcc2 23. Rad1 Rxf2 24. Re7 Rg2+ 25. Kf1 Rgd2 26. Rxd2
Rxd2 27. Rxa7 Rxh2 28. a5 bxa5 29. Rxa5 Rh1+ 30. Kf2 Rh2+ 31. Kf1 Rh1+ 32. Kf2
Rh2+ 33. Kf1 1/2-1/2

[Event "44th Ghent Open 2023"]
[Site "Ghent BEL"]
[Date "2023.07.16"]
[Round "6.7"]
[White "Grooten, Herman"]
[Black "Ruzhansky, Elias"]
[Result "1-0"]
[WhiteTitle "IM"]
[WhiteElo "2241"]
[BlackElo "2209"]
[WhiteFideId "1000330"]
[BlackFideId "472824"]
[EventDate "2023.07.11"]

1. d4 d5 2. c4 e6 3. Nc3 Nf6 4. Nf3 Be7 5. Bg5 h6 6. Bxf6 Bxf6 7. e3 O-O 8. Qd2
b6 9. cxd5 exd5 10. b4 c6 11. Rb1 Bf5 12. Bd3 Bxd3 13. Qxd3 Qd6 14. O-O Nd7 15.
b5 Rfd8 16. bxc6 Qxc6 17. Rfc1 Rac8 18. Qb5 Nf8 19. Ne1 Qb7 20. Nd3 Ng6 21. Nb4
Ne7 22. Ne2 Bg5 23. g3 Nf5 24. Qd3 Qd7 25. Rc3 Rxc3 26. Nxc3 Ne7 27. Kg2 h5 28.
h4 Bf6 29. Qe2 g6 30. Qf3 Kg7 31. Rc1 a5 32. Nd3 Rc8 33. a4 Qe6 34. Nf4 Qf5 35.
Qd1 Rc4 36. Nb5 Qc8 37. Ne2 Nf5 38. Rxc4 Qxc4 39. Nec3 Qc6 40. Kg1 Ne7 41. Qf3
Qc4 42. Qe2 Qc6 43. Qa2 Kf8 44. Qa3 Kg7 45. Qd6 Qc4 46. Nc7 Qxc3 47. Ne8+ Kf8
48. Nxf6 Qc1+ 49. Kg2 Qc8 50. Nxd5 Qb7 51. e4 Ke8 52. Nc7+ Kf8 53. Qd8+ 1-0

[Event "44th Ghent Open 2023"]
[Site "Ghent BEL"]
[Date "2023.07.17"]
[Round "7.1"]
[White "Laurent-Paoli, Pierre"]
[Black "Hausrath, Daniel"]
[Result "1-0"]
[WhiteTitle "IM"]
[BlackTitle "GM"]
[WhiteElo "2531"]
[BlackElo "2442"]
[WhiteFideId "26017962"]
[BlackFideId "4617495"]
[EventDate "2023.07.11"]

1. e4 c5 2. Nf3 d6 3. d4 cxd4 4. Nxd4 Nf6 5. Nc3 g6 6. Be3 Bg7 7. f3 O-O 8. Qd2
Nc6 9. O-O-O d5 10. exd5 Nxd5 11. Nxc6 bxc6 12. Bd4 Bxd4 13. Qxd4 Qb6 14. Na4
Qxd4 15. Rxd4 e5 16. Rd2 Ne3 17. Bd3 f5 18. Re1 f4 19. Nc3 Re8 20. Nd1 Nf5 21.
Rde2 Nh4 22. Be4 Ba6 23. Bxc6 Bxe2 24. Rxe2 Rac8 25. Bxe8 Rxe8 26. Nc3 Kg7 27.
Ne4 h6 28. Rd2 Re7 29. b4 g5 30. Kb2 Kg6 31. c4 Nf5 32. c5 Nd4 33. Kc3 Kf5 34.
h3 h5 35. Nf2 a5 36. a3 axb4+ 37. axb4 Ra7 38. Kc4 Ra1 39. Kd5 Ra4 40. c6 Nxc6
41. Kxc6 Rxb4 42. Kc5 Rb3 43. Rd6 g4 44. hxg4+ hxg4 45. Nxg4 Rc3+ 46. Kb4 Rc2
47. Rd5 Kg5 48. Nxe5 Rxg2 49. Kc4 Kh4 50. Kd3 Kg3 51. Ke4 Ra2 52. Rd8 Ra4+ 53.
Kf5 Kf2 54. Kg4 Ke3 55. Rd3+ Ke2 56. Rb3 1-0

[Event "44th Ghent Open 2023"]
[Site "Ghent BEL"]
[Date "2023.07.17"]
[Round "7.2"]
[White "Pijpers, Arthur"]
[Black "Dgebuadze, Alexandre"]
[Result "1/2-1/2"]
[WhiteTitle "IM"]
[BlackTitle "GM"]
[WhiteElo "2465"]
[BlackElo "2433"]
[WhiteFideId "1019554"]
[BlackFideId "203882"]
[EventDate "2023.07.11"]

1. e4 c6 2. d4 d5 3. e5 Bf5 4. Nf3 e6 5. Be2 Ne7 6. O-O Nd7 7. Nbd2 Ng6 8. Nb3
h5 9. a4 h4 10. a5 a6 11. h3 Qc7 12. c4 dxc4 13. Bxc4 c5 14. Be3 Be7 15. Rc1 O-O
16. Bg5 Qd8 17. Bxe7 Qxe7 18. Nxc5 Nxc5 19. dxc5 Rfd8 20. Qe1 Bd3 21. Bxd3 Rxd3
22. Qe4 Rad8 23. b4 Qc7 24. Rc4 R8d5 25. Re1 Rd1 26. Rxd1 Rxd1+ 27. Kh2 Rd5 28.
Rd4 Nxe5 29. Nxe5 Rxe5 30. Rd8+ Qxd8 31. Qxe5 Qd2 32. b5 axb5 33. a6 bxa6 34. c6
f6 35. Qc5 Qf4+ 36. g3 hxg3+ 37. fxg3 Qc7 38. h4 Kf7 1/2-1/2

[Event "44th Ghent Open 2023"]
[Site "Ghent BEL"]
[Date "2023.07.17"]
[Round "7.3"]
[White "Fernandez, Daniel Howard"]
[Black "Maerevoet, Sim"]
[Result "1-0"]
[WhiteTitle "GM"]
[BlackTitle "FM"]
[WhiteElo "2518"]
[BlackElo "2414"]
[WhiteFideId "5801605"]
[BlackFideId "241725"]
[EventDate "2023.07.11"]

1. c4 e6 2. g3 d5 3. Bg2 Nf6 4. Nf3 Be7 5. O-O O-O 6. b3 d4 7. d3 c5 8. e4 Nc6
9. e5 Nd7 10. Qe2 Kh8 11. h4 h6 12. Nbd2 f6 13. exf6 Nxf6 14. Ne4 e5 15. Nxf6
Bxf6 16. Ng5 Bf5 17. Be4 Qd7 18. Bxf5 Qxf5 19. Ne4 Be7 20. Kg2 h5 21. Bg5 Qg6
22. Bxe7 Nxe7 23. Nxc5 Rf5 24. Ne4 Ng8 25. Ng5 Nh6 26. Qe4 Ng4 27. a3 Raf8 28.
Ra2 Qf6 29. b4 b6 30. c5 g6 31. Qb7 Rxg5 32. hxg5 Ne3+ 33. Kg1 Qe6 34. fxe3
Rxf1+ 35. Kxf1 Qxa2 36. Qb8+ Kh7 37. Qxa7+ Kg8 38. Qa8+ Kh7 39. Qb7+ Kh8 40.
Qb8+ Kh7 41. Qc7+ Kg8 42. cxb6 Qb1+ 43. Kg2 Qxd3 44. Qd8+ Kg7 45. Qf6+ Kg8 46.
exd4 Qe4+ 47. Qf3 Qc2+ 48. Kh3 e4 49. Qg2 Qc6 50. a4 Qd7+ 51. Kh2 Qxd4 52. a5
Qxb4 53. a6 1-0